Girls Against God Lyrics (Florence + the Machine) - Statistics

General Stats
  • This quiz has been taken 43 times
  • The average score is 263 of 302
Answer Stats
Answer % Correct
a
100%
be
100%
God,
100%
I
100%
at
95%
bedroom
95%
But,
95%
But
95%
get
95%
gonna
95%
it
95%
it)
95%
look
95%
me
95%
messed
95%
not
95%
oh
95%
Oh,
95%
(oh
95%
Oh
95%
sorry
95%
that
95%
the
95%
to
95%
us
95%
when
95%
When
95%
with
95%
you
95%
You
95%
You'll
95%
you're
95%
alive
90%
And
90%
and
90%
And,
90%
crying
90%
decided
90%
don't
90%
feel
90%
floor
90%
good
90%
Holly
90%
I'm
90%
in
90%
it's
90%
just
90%
like
90%
looks
90%
much
90%
my
90%
of
90%
real
90%
staring
90%
very
90%
wage
90%
War
90%
What
90%
admit
86%
another
86%
being
86%
dust
86%
ever
86%
kind
86%
know
86%
know,
86%
let
86%
love
86%
makes
86%
out,
86%
out
86%
really
86%
crushed
81%
Everyone
81%
he
81%
if
81%
midnight
81%
over
81%
someone
81%
2006
76%
basement
76%
darkest
76%
fantasies,
76%
little
76%
looked
76%
may
76%
screaming
76%
sick
76%
speck
76%
this
76%
treated
76%
yet
76%
cereal
71%
discuss?
71%
from
71%
into
71%
Kinda
71%
listen
71%
music
71%
something
71%
they
71%
thing
71%
Tom
71%
would
71%
as
67%
Is
67%
or
67%
picture
67%
probably
67%
Remember
67%
said,
67%
tell
67%
choice
62%
golden
62%
heart
62%
am
57%
days
57%
devil
57%
gave
57%
last
57%
met
57%
pets
57%
sister
57%
six
57%
voice
57%
I'd
52%
passivity
52%
for
48%
Vek?
48%
all
43%
rage
43%
waiting
43%
private
38%
stage
38%
suppressing
33%
side
29%
No matching quizzes found
Score Distribution
Percent of People with Each Score
Percentile by Number Answered
Your Score History
You have not taken this quiz